| Tag |
First Indicator |
Second Indicator |
Subfields |
| LEADER |
00000pam a2200000 a 4500 |
| 001 |
in00001409929 |
| 005 |
20151020070422.0 |
| 008 |
951023s1996 nyua j 000 1 eng |
| 010 |
|
|
|a 95045957
|
| 015 |
|
|
|a GB97-30886
|
| 020 |
|
|
|a 1558585346 (trade)
|
| 020 |
|
|
|a 1558585354 (lib.)
|
| 035 |
|
|
|a (OCoLC)33668075
|
| 035 |
|
|
|9 AHP8866AM
|
| 040 |
|
|
|a DLC
|c DLC
|d UKM
|d UtOrBLW
|
| 041 |
1 |
|
|a eng
|h ger
|
| 049 |
|
|
|a TXAG
|
| 050 |
0 |
0 |
|a PZ7.P79575
|b Wh 1996
|
| 082 |
0 |
0 |
|a [E]
|2 20
|
| 100 |
1 |
|
|a Popov, Nikolai,
|d 1938-
|
| 240 |
1 |
0 |
|a Warum?
|l English
|
| 245 |
1 |
0 |
|a Why? /
|c Nikolai Popov.
|
| 264 |
|
1 |
|a New York :
|b North-South Books,
|c [1996]
|
| 264 |
|
4 |
|c ©1996
|
| 300 |
|
|
|a 1 volume (unpaged) :
|b color illustrations ;
|c 29 cm.
|
| 336 |
|
|
|a text
|b txt
|2 rdacontent
|
| 337 |
|
|
|a unmediated
|b n
|2 rdamedia
|
| 338 |
|
|
|a volume
|b nc
|2 rdacarrier
|
| 500 |
|
|
|a "First published in Switzerland under the title Warum?"--colophon.
|
| 520 |
|
|
|a A frog, peacefully sitting in a meadow, is suddenly attacked by an umbrella-wielding mouse in a confrontation that quickly turns into full-scale war.
|
| 500 |
|
|
|a "A Michael Neugebauer book."
|
| 650 |
|
1 |
|a War
|x Fiction.
|
| 650 |
|
1 |
|a Frogs
|x Fiction.
|
| 650 |
|
1 |
|a Mice
|x Fiction.
|
| 650 |
|
1 |
|a Stories without words.
|
| 999 |
|
|
|a MARS
|
| 999 |
f |
f |
|s 6d1eb286-3696-340b-b5b8-902f0b29c315
|i 0ccdf8a2-8cdc-3b6c-90e4-f6e0ad988782
|t 0
|
| 952 |
f |
f |
|p ric
|a Texas A&M University
|b Rellis Campus
|c Joint Library Facility
|d Remote Storage
|t 0
|e PZ7.P79575 Wh 1996
|h Library of Congress classification
|i unmediated -- volume
|m A14822371513
|
| 998 |
f |
f |
|a PZ7.P79575 Wh 1996
|t 0
|l Remote Storage
|